01656cam a2200313 i 4500001001000000003001000010005001700020007000300037008004100040040004600081041000800127082002400135245007500159264007200234264001100306300002200317336002700339337003300366338002800399500001500427501050300442650004000945653002500985942000701010945001401017952014701031952014701178999001701325768714001CO-MdFUSB20231122104547.0ta160901t1987 it ||||f |||| 00| 0 spa d aCO-MdFUSBbspacCO-MdFUSBdCO-MdFUSBerda aspa 224aG 230.09bOR64i00aIntroducción a la teología de los siglos II y III / cAntonio Orbe 1aRoma, Italia : bEditrice Pontificia Universita Gregoriana,c[1987] 4c©1987 a2 volúmenesc;  2rdacontentatextobtxt 2rdamediaasin mediaciónbn 2rdacarrieravolumenbnc aPasta dura aTomo I Hacia el conocimiento de Dios – El misterio de Dios – Padre – Madre – Hijo – Desde la concepción hasta la generación del Verbo – Padre e Hijo – Hacia el Espíritu personal – Creación Tomo II Encarnación – Nacimiento y circuncisión – presentación – En torno a los magos – Juan el precursor – Bautismo de Jesús – Vida pública de Jesús – Pasión y muerte de Jesús – El <> y san Ireneo – Resurrección y ascensión 09159aTeología doctrinalxHistoria aTeología cristiana cBK aJohan1477 00102ddc3T. 140708GENaFUSBCbFUSBCd2015-07-31l0oG 230.09 OR64ip20333r2023-04-19 00:00:00tVol. 1, Ej. 1w2016-01-26yBKB0IINV2023 00102ddc3T. 240708GENaFUSBCbFUSBCd2015-07-31l0oG 230.09 OR64ip20334r2023-04-19 00:00:00tVol. 2, Ej. 1w2016-01-26yBKB0IINV2023 c46897d46897